00307nam a2200121Ia 4500008004100000082001600041100001400057245002900071250000800100260004500108300001000153650002200163150201s1984 xx 000 0 und d a100bC1984S aSWAMI RAM aCRERATIVE USE OF EMOTION a4TH bHIMALAYA INTERNATIONAL PUB.aDELHIc1984 a1-165 aGENERAL DENTISTRY